000 00807nam a2200229 a 4500
005 20090905154553.0
008 060731s1999 nyua b 000 0 eng d
010 _aB-357042
020 _c25.00
035 _aB-357042
037 _bDBAD / PUB
040 _adpl
_bEnglish
082 _aS
100 _aRavi Kumar, K.
245 _aStories of Vikram-Bethal:
_cretold by Narayana D.V.V.S.
_b(with beautiful pictures) /
260 _aVijayawada,
_bMudra Books
_c2008
270 _aEluru Road,
_bVijayawada,
_e2
300 _a134p.:
_c18cm(pbk)
_bill
650 _2Children's stories, English
942 _2ddc
_cCH
_mNAR
_hS
999 _c30086
_d30086